000 00501nam a2200217Ia 4500
999 _c16712
_d16712
003 0100
005 20190802152951.0
008 130303s9999 xx 000 0 und d
020 _a29292808
040 _cARRUPELIB
050 _aHQ64.S371986
100 _aScruton, Roger
_947767
245 _aSexual desire
245 _ba moral philosophy of the erotic
260 _aNew York
_bFree Press
_c1986
300 _ax
300 _b 428p. 24cm.
650 _bConduct of life
_97244
700 _aRoger Scruton
_947768
942 _2lcc
_cMONOGRAPH